Footballers by Picture - Spain - Statistics

General Stats
  • This quiz has been taken 209 times
  • The average score is 16 of 20
Answer Stats
Picture Answer % Correct
Andrés Iniesta
99%
Fernando Torres
99%
Carles Puyol
98%
Iker Casillas
98%
Sergio Ramos
98%
Xavi
98%
Sergio Busquets
96%
Xabi Alonso
96%
David Silva
84%
David Villa
83%
Jordi Alba
82%
Rodri
79%
Raúl
78%
Álvaro Morata
77%
Cesc Fàbregas
75%
Pedro
67%
César Azpilicueta
66%
Fernando Hierro
66%
Luis Enrique
56%
Andoni Zubizarreta
27%
No matching quizzes found
Score Distribution
Percent of People with Each Score
Percentile by Number Answered
Your Score History
You have not taken this quiz